| 000 | 00567nam a2200169 i 4500 | ||
|---|---|---|---|
| 001 | 19594 | ||
| 003 | ES-MaACL | ||
| 005 | 20230906152129.0 | ||
| 007 | t| | ||
| 008 | 021004m18771880sp ||||1| spa d | ||
| 100 | 1 |
_aAbella, Fermín. _9198007 |
|
| 245 | 1 | 0 |
_aDerecho administrativo provincial y municipal o tratado general teórico-práctico de las Atribuciones de las Diputaciones Provinciales y los Ayuntamientos / _cFermín Abella. |
| 260 |
_aMadrid : _bR. de Riva, _c1877-80. |
||
| 300 |
_a6 v. ; _c28 cm. |
||
| 852 |
_aES-MaACL _jB-1030-35 |
||
| 999 |
_c19594 _d19594 |
||